Evaluación de proyectos (Registro nro. 3542)
[ vista simple ]
| 000 -CABECERA | |
|---|---|
| Longitud fija campo de control | 00575nam a22002057a 4500 |
| 003 - IDENTIFICADOR DELl NÚMERO DE CONTROL | |
| Identificador del número de control | OSt |
| 005 - FECHA Y HORA DE LA ÚLTIMA TRANSACCIÓN | |
| Fecha y hora de la última transacción | 20131108090128.0 |
| 008 - CÓDIGOS DE INFORMACIÓN DE LONGITUD FIJA | |
| Códigos de información de longitud fija | 131029b2013 mex spa |
| 020 ## - NÚMERO INTERNACIONAL NORMALIZADO PARA LIBROS | |
| Número Internacional Normalizado para Libros (ISBN) | 978-607-15-0922-2 |
| 040 ## - FUENTE DE LA CATALOGACIÓN | |
| Centro transcriptor | BMC |
| 082 ## - NÚMERO DE LA CLASIFICACIÓN DECIMAL DEWEY | |
| Númeroo de clasificación | 658.152 |
| 100 1# - PUNTO DE ACCESO PRINCIPAL-NOMBRE DE PERSONA | |
| 9 (RLIN) | 6165 |
| Nombre de persona | Baca Urbina, Gabriel |
| 245 10 - MENCIÓN DE TÍTULO | |
| Título | Evaluación de proyectos |
| Mención de responsabilidad, etc. | Gabriel Baca Urbina |
| 250 ## - MENCIÓN DE EDICIÓN | |
| Mención de edición | 7ª ed |
| 260 ## - PUBLICACIÓN, DISTRIBUCIÓN, ETC. (PIE DE IMPRENTA) | |
| Lugar de publicación, distribución, etc. | México, D.F. [etc.] |
| Nombre del editor, distribuidor, etc. | McGraw-Hill |
| Fecha de publicación, distribución, etc. | cop. 2013 |
| 300 ## - DESCRIPCIÓN FÍSICA | |
| Extensión | XII, 371 p. |
| Otras características físicas | il., gráf. |
| Dimensiones | 27 cm |
| 500 ## - NOTA GENERAL | |
| Nota general | Índice: p. [363]-371 |
| 650 24 - PUNTO DE ACCESO ADICIONAL DE MATERIA - TÉRMINO DE MATERIA | |
| 9 (RLIN) | 6014 |
| Término de materia o nombre geográfico como elemento inicial | Evaluación de proyectos |
| 942 ## - ENTRADA DE ELEMENTOS AGREGADOS (KOHA) | |
| Fuente de clasificaión o esquema | Dewey Decimal Classification |
| Koha [por defecto] tipo de item | 1- Monografias |
| Suprimido | Perdido | Fuente de clasificación o esquema | Estropeado | Restricciones de uso | No para préstamo | Código de colección | Localización permanente | Localización actual | Localización en estanter&íacute;as | Fecha adquisición | Fuente de adquisición | Número de inventario | Préstamos totales | Renovaciones totales | Signatura completa | Código de barras | Fecha última consulta | Fecha último préstamo | Coste, precio reemplazado | Fecha del precio de reemplazo | Tipo de item de Koha |
|---|---|---|---|---|---|---|---|---|---|---|---|---|---|---|---|---|---|---|---|---|---|
| NULL | NULL | Dewey Decimal Classification | NULL | Prestable | NULL | NULL | Biblioteca Centro Regional de Ilobasco | Biblioteca Centro Regional de Ilobasco | Sala Principal | 05/06/2015 | UNICAES | LI000358 | 658.152 BAC eva | 1031580 | 20/06/2024 | 39.89 | 05/06/2015 | 1- Monografias | |||
| NULL | NULL | Dewey Decimal Classification | NULL | Prestable | NULL | NULL | Biblioteca Centro Regional de Ilobasco | Biblioteca Centro Regional de Ilobasco | Sala Principal | 05/06/2015 | UNICAES | LI000359 | 1 | 658.152 BAC eva | 1031581 | 20/06/2024 | 26/10/2017 | 39.89 | 05/06/2015 | 1- Monografias | |
| NULL | NULL | Dewey Decimal Classification | NULL | Prestable | NULL | NULL | Biblioteca Centro Regional de Ilobasco | Biblioteca Centro Regional de Ilobasco | Sala Principal | 05/06/2015 | UNICAES | LI000360 | 3 | 658.152 BAC eva | 1031582 | 20/06/2024 | 20/06/2024 | 39.89 | 05/06/2015 | 1- Monografias | |
| NULL | NULL | Dewey Decimal Classification | NULL | Prestable | NULL | NULL | Biblioteca Miguel de Cervantes - UNICAES | Biblioteca Miguel de Cervantes - UNICAES | Sala Principal | 30/10/2013 | Donación - Facultad de Ciencias Empresariales | 005797 | 30 | 12 | 658.152 BAC eva | 1005797 | 11/06/2025 | 06/06/2025 | 39.89 | 30/10/2013 | 1- Monografias |
| NULL | NULL | Dewey Decimal Classification | NULL | Prestable | NULL | NULL | Biblioteca Miguel de Cervantes - UNICAES | Biblioteca Miguel de Cervantes - UNICAES | Sala Principal | 30/10/2013 | Donación - Facultad de Ciencias Empresariales | 005798 | 11 | 1 | 658.152 BAC eva | 1005798 | 21/11/2017 | 20/11/2017 | 39.89 | 30/10/2013 | 1- Monografias |
| NULL | NULL | Dewey Decimal Classification | NULL | Prestable | NULL | NULL | Biblioteca Miguel de Cervantes - UNICAES | Biblioteca Miguel de Cervantes - UNICAES | Sala Principal | 05/09/2009 | Donación - Facultad de Ciencias Empresariales | 005799 | 16 | 3 | 658.152 BAC eva | 1005799 | 04/04/2022 | 04/04/2022 | 39.89 | 30/10/2013 | 1- Monografias |